000 01678cam a22002054a 4500
005 20250605164404.0
008 250528s ||||||||||||||||||||||||d
035 _a24713
020 _a9780123742568
040 _aGR-AtMCL
_bgre
_dGR-AtMCL
_eAACR2
245 1 _aClinical Psychology / Assessment, Treatment, and Research
260 _bElsevier,
_c2009
300 _a578
520 _aThis graduate - level introductory textbook on clinical psychology brings a broad overview to the field and is oriented to how a clinician approaches real life patients. Contributors, Preface, Professional Psychology Education and Training: Models and Sequence and Current Issues, Ethics in Assessment and Treatment and Research, Assessment of Intelligence and Achievement and Adaptive Behavior, Psychological Diagnosis, Assessment of Personality, Behavioral Assessment and Functional Analysis, Behavioral Assessment and Functional Analysis, Clinical and Forensic Neuropsychology Assessment, Psychodynamic and Psychoanalytic Psychotherapy, Interpersonal Psychotherapy, Behavior Therapy and Behavior Analysis: Overview and Third - Generation Perspectives, Cognitive - Behavioral Therapy: Breadth and Range and Diversity, Existential and Humanistic Psychotherapies, Child and Family and Couples Therapy, Clinical Health Psychology, Pharmacotherapy and Psychotherapy, Program Evaluation and Clinical Psychology, Diversity Issues in Clinical Psychology, Clinical Psychology Practice, Dissemination of Research Findings, The Future of the Profession, Index.
700 1 _aDavid C. S. Richard
_99509
700 1 _aSteven K. Huprich
_99510
942 _cBK
999 _c9576
_d9576